[Event "Swiss Queens Wed #48"]
[Site "FIDE Online Arena INT"]
[Date "2024.12.25"]
[Round "1"]
[White "Papp, Petra"]
[Black "Pertseva, Tatyana"]
[Result "1-0"]
[WhiteElo "2235"]
[BlackElo "1698"]
[PlyCount "85"]
[EventDate "2024.12.25"]
[EventType "swiss (blitz)"]
[EventRounds "11"]
[EventCountry "NET"]
[SourceTitle "CB02_2025"]
[SourceDate "2025.01.08"]
[SourceVersion "1"]
[SourceVersionDate "2025.01.08"]
[SourceQuality "1"]

1. e4 c6 2. d4 d5 3. e5 Bf5 4. h4 h5 5. Bd3 Bxd3 6. Qxd3 Qa5+ 7. Nd2 e6 8. Ngf3 Nh6 9. 0-0 Nf5 10. g3 Nd7 11. c4 Be7 12. b3 Rc8 13. a4 0-0 14. Bb2 g6 15. c5 Qa6 16. Qc2 b6 17. b4 bxc5 18. bxc5 Kg7 19. Bc3 Rb8 20. Ng5 Rb7 21. Rfe1 Rfb8 22. Kg2 Nf8 23. Nf1 Nh7 24. Nxh7 Kxh7 25. Ne3 Nxe3+ 26. fxe3 Qc4 27. Rf1 Kg7 28. Qf2 Bxc5 29. Rac1 Ba3 30. Rc2 Qxa4 31. Ra2 Qb3 32. Ba1 c5 33. Re2 cxd4 34. Bxd4 Be7 35. Qxf7+ Kh6 36. Qxe6 Qd3 37. Qxd5 Qxe2+ 38. Rf2 Qb5 39. Qe4 Rc7 40. Qf4+ Kg7 41. e6+ Kh7 42. Qf7+ Kh6 43. Qg7# 1-0

[Event "Swiss Queens Wed #47"]
[Site "FIDE Online Arena INT"]
[Date "2024.12.18"]
[Round "2"]
[White "Papp, Petra"]
[Black "Buksa, Nataliya"]
[Result "1-0"]
[WhiteElo "2235"]
[BlackElo "2400"]
[PlyCount "89"]
[EventDate "2024.12.18"]
[EventType "swiss (blitz)"]
[EventRounds "11"]
[EventCountry "NET"]
[SourceTitle "CB52_2024"]
[SourceDate "2024.12.25"]
[SourceVersion "1"]
[SourceVersionDate "2024.12.25"]
[SourceQuality "1"]

1. d4 d5 2. Nf3 Nf6 3. Bf4 e6 4. e3 Bd6 5. Nbd2 c5 6. c3 Nc6 7. Bg3 0-0 8. Bd3 Qc7 9. dxc5 Bxg3 10. hxg3 e5 11. e4 h6 12. Qe2 Bg4 13. exd5 Nxd5 14. Ne4 f5 15. Bc4 Nce7 16. 0-0-0 fxe4 17. Qxe4 Be6 18. Bxd5 Nxd5 19. Rxd5 Bxd5 20. Qxd5+ Qf7 21. Qxe5 Qxa2 22. Rd1 Rad8 23. Rd6 Rfe8 24. Qd4 Qa1+ 25. Kc2 Rxd6 26. cxd6 Qa5 27. d7 Rd8 28. Ne5 Qb5 29. f4 a5 30. f5 a4 31. f6 Qb3+ 32. Kc1 gxf6 33. Ng4 Qe6 34. Nxf6+ Kf7 35. Nd5 Rxd7 36. Qf4+ Kg7 37. Qd4+ Kg6 38. Nf4+ Kf7 39. Nxe6 Kxe6 40. Qe4+ Kd6 41. Qxa4 Re7 42. Qb4+ Kd7 43. Qb3 Re1+ 44. Kd2 Re2+ 45. Kxe2 1-0

[Event "Swiss Queens Wed #47"]
[Site "FIDE Online Arena INT"]
[Date "2024.12.18"]
[Round "4"]
[White "Papp, Petra"]
[Black "Fierro Baquero, Martha Lorena"]
[Result "1-0"]
[WhiteElo "2235"]
[BlackElo "2247"]
[PlyCount "57"]
[EventDate "2024.12.18"]
[EventType "swiss (blitz)"]
[EventRounds "11"]
[EventCountry "NET"]
[SourceTitle "CB52_2024"]
[SourceDate "2024.12.25"]
[SourceVersion "1"]
[SourceVersionDate "2024.12.25"]
[SourceQuality "1"]

1. d4 g6 2. e4 Bg7 3. Nc3 c6 4. Be3 d5 5. e5 f6 6. Nf3 Bg4 7. exf6 exf6 8. Be2 Ne7 9. Qd2 Nf5 10. 0-0-0 0-0 11. h3 Bxf3 12. Bxf3 Nxe3 13. Qxe3 Re8 14. Qd2 Nd7 15. Kb1 f5 16. g4 fxg4 17. hxg4 Nb6 18. Be2 Qf6 19. f4 Re7 20. g5 Qf5 21. Bd3 Qf7 22. f5 gxf5 23. Ne2 Rae8 24. Nf4 Bxd4 25. Qh2 Be5 26. g6 hxg6 27. Rdg1 Nc4 28. c3 Bxf4 29. Qh8# 1-0

[Event "Swiss Queens Wed #45"]
[Site "FIDE Online Arena INT"]
[Date "2024.12.04"]
[Round "6"]
[White "Papp, Petra"]
[Black "Buksa, Nataliya"]
[Result "1/2-1/2"]
[WhiteElo "2235"]
[BlackElo "2400"]
[PlyCount "146"]
[EventDate "2024.12.04"]
[EventType "swiss (blitz)"]
[EventRounds "11"]
[EventCountry "NET"]
[SourceTitle "CB50_2024"]
[SourceDate "2024.11.01"]
[SourceVersion "1"]
[SourceVersionDate "2024.11.01"]
[SourceQuality "2"]

1. d4 d5 2. Nf3 Nf6 3. Bf4 e6 4. e3 c5 5. c3 Nc6 6. Nbd2 cxd4 7. exd4 Nh5 8. Bg3 Bd6 9. Bd3 Nf4 10. Bxf4 Bxf4 11. Qe2 Qf6 12. 0-0 0-0 13. Rae1 Bd7 14. g3 Bh6 15. Ne5 Nxe5 16. dxe5 Qe7 17. f4 Qc5+ 18. Kg2 d4 19. Nb3 Bc6+ 20. Be4 Qe7 21. Bxc6 bxc6 22. cxd4 c5 23. dxc5 a5 24. Rc1 Rfc8 25. Qf3 g6 26. c6 Qb4 27. Rc2 a4 28. Nc5 Ra5 29. Ne4 Bf8 30. c7 Kg7 31. Rd1 Rd5 32. Rxd5 exd5 33. Nf6 d4 34. Qd5 Qe7 35. Qd7 d3 36. Qxe7 Bxe7 37. Rd2 Bxf6 38. exf6+ Kxf6 39. Rxd3 Rxc7 40. Rd2 Kf5 41. Kf3 a3 42. g4+ Ke6 43. bxa3 Rc3+ 44. Ke4 Rxa3 45. Rb2 f5+ 46. gxf5+ gxf5+ 47. Kd4 Ra4+ 48. Ke3 Ra3+ 49. Kf2 Rh3 50. Kg2 Rc3 51. Re2+ Kf6 52. Rb2 Kg6 53. Rb5 Ra3 54. Rc5 Rxa2+ 55. Kg3 Rb2 56. Rd5 Rb3+ 57. Kh4 Rb6 58. Re5 h6 59. Rd5 Rb4 60. Rd6+ Kg7 61. Kh5 Rxf4 62. Rg6+ Kf7 63. Rxh6 Rf2 64. Kg5 f4 65. Rf6+ Kg7 66. Rxf4 Rxh2 67. Rg4 Kf7 68. Kf4 Ra2 69. Rg3 Ra4+ 70. Kf5 Ra5+ 71. Kf4 Ra4+ 72. Kf5 Ra5+ 73. Kf4 Ra4+ 1/2-1/2

[Event "Swiss Queens Wed #45"]
[Site "FIDE Online Arena INT"]
[Date "2024.12.04"]
[Round "4"]
[White "Papp, Petra"]
[Black "Novikova, Margarita"]
[Result "1-0"]
[WhiteElo "2235"]
[BlackElo "1977"]
[PlyCount "97"]
[EventDate "2024.12.04"]
[EventType "swiss (blitz)"]
[EventRounds "11"]
[EventCountry "NET"]
[SourceTitle "CB50_2024"]
[SourceDate "2024.11.01"]
[SourceVersion "1"]
[SourceVersionDate "2024.11.01"]
[SourceQuality "2"]

1. d4 Nf6 2. Nf3 g6 3. g3 Bg7 4. Bg2 0-0 5. 0-0 d5 6. c4 c6 7. Qb3 Qb6 8. Nc3 Rd8 9. Bd2 Bf5 10. Rfc1 Ne4 11. Be1 Nxc3 12. Bxc3 Be4 13. c5 Qxb3 14. axb3 a6 15. b4 Nd7 16. Bh3 Bxf3 17. exf3 e6 18. Rd1 Re8 19. f4 Rad8 20. Bf1 Nf6 21. f3 Nd7 22. Re1 Kf8 23. Re3 Nf6 24. Kf2 Ke7 25. Rae1 Kd7 26. Bd3 h5 27. R3e2 Rh8 28. h3 Rhe8 29. g4 Kc8 30. Kg3 Kd7 31. f5 hxg4 32. fxg4 gxf5 33. gxf5 exf5 34. Bxf5+ Kc7 35. Re7+ Kb8 36. Rxf7 Rxe1 37. Bxe1 Rg8 38. Kf3 Nh5 39. Bg4 Nf6 40. Bg3+ Ka8 41. Be5 Ne8 42. h4 Bxe5 43. dxe5 Kb8 44. h5 Nc7 45. h6 Rh8 46. h7 Ka7 47. Bf5 d4 48. Rxc7 Kb8 49. Rd7 1-0

[Event "Swiss Queens Wed #45"]
[Site "FIDE Online Arena INT"]
[Date "2024.12.04"]
[Round "1"]
[White "Vidruska, Renate"]
[Black "Papp, Petra"]
[Result "1/2-1/2"]
[WhiteElo "2044"]
[BlackElo "2235"]
[PlyCount "133"]
[EventDate "2024.12.04"]
[EventType "swiss (blitz)"]
[EventRounds "11"]
[EventCountry "NET"]
[SourceTitle "CB50_2024"]
[SourceDate "2024.11.01"]
[SourceVersion "1"]
[SourceVersionDate "2024.11.01"]
[SourceQuality "2"]

1. e4 c6 2. d4 d5 3. exd5 cxd5 4. Bd3 Nc6 5. c3 e5 6. dxe5 Nxe5 7. Bb5+ Nc6 8. Nf3 Bd6 9. Qxd5 Nge7 10. Qe4 0-0 11. 0-0 Qc7 12. h3 h6 13. Nbd2 Bf5 14. Qh4 a6 15. Bxc6 Nxc6 16. Nc4 Be7 17. Qf4 Qxf4 18. Bxf4 Bd3 19. Nce5 Nxe5 20. Nxe5 Bxf1 21. Kxf1 Bd6 22. Bg3 Bxe5 23. Bxe5 f6 24. Bd4 Rfe8 25. Rd1 Rad8 26. Rd2 Re6 27. g3 Kf7 28. Kg2 Re1 29. f4 Rde8 30. Kf3 Rd8 31. Kf2 Re6 32. a3 f5 33. Kf3 g5 34. g4 Kg6 35. fxg5 hxg5 36. gxf5+ Kxf5 37. Rg2 Rh6 38. Kg3 Re6 39. Rf2+ Kg6 40. Rd2 Re4 41. Rf2 Rd6 42. Rf8 Re2 43. Rg8+ Kf5 44. Rf8+ Kg6 45. Rg8+ Kf7 46. Rg7+ Ke8 47. Rxb7 Rh6 48. Rg7 Rh5 49. b4 Ra2 50. Kg4 Rh4+ 51. Kxg5 Rxh3 52. Rg8+ Kf7 53. Rb8 Rxa3 54. Kf5 Rf3+ 55. Ke4 Rf1 56. Kd5 Ra2 57. Kc6 Rd1 58. Kb6 Ke6 59. Ra8 Kd5 60. Rxa6 Rxa6+ 61. Kxa6 Kc4 62. Kb7 Rb1 63. Kc6 Rb3 64. Be5 Rb1 65. Bd4 Rb3 66. Bf6 Rb1 67. Bd4 1/2-1/2

[Event "Swiss Queens Wed #44"]
[Site "FIDE Online Arena INT"]
[Date "2024.11.27"]
[Round "9"]
[White "Anishka, Vikram"]
[Black "Papp, Petra"]
[Result "1-0"]
[WhiteElo "1852"]
[BlackElo "2239"]
[PlyCount "79"]
[EventDate "2024.11.27"]
[EventType "swiss (blitz)"]
[EventRounds "11"]
[EventCountry "NET"]
[SourceTitle "CB49_2024"]
[SourceDate "2024.12.04"]
[SourceVersion "1"]
[SourceVersionDate "2024.12.04"]
[SourceQuality "1"]

1. d4 e6 2. c4 f5 3. Nc3 Nf6 4. g3 d5 5. Bg2 c6 6. Nh3 Bd6 7. 0-0 0-0 8. Qc2 Ne4 9. Bf4 Be7 10. Rad1 Nd7 11. f3 Nxc3 12. Qxc3 Nf6 13. Nf2 h6 14. e4 fxe4 15. fxe4 Bd7 16. e5 Nh5 17. Bc1 Bg5 18. Nh3 Bxc1 19. Rxc1 g5 20. Qd3 Kg7 21. Rxf8 Qxf8 22. Rf1 Qe7 23. g4 Nf4 24. Nxf4 gxf4 25. Rxf4 Be8 26. Rf6 Bf7 27. Qe3 Rh8 28. cxd5 cxd5 29. g5 Bg6 30. gxh6+ Rxh6 31. Qg5 Qb4 32. Rxe6 Qxd4+ 33. Kf1 Qd3+ 34. Kf2 Qf5+ 35. Qxf5 Bxf5 36. Re7+ Kf8 37. Rxb7 Rxh2 38. Kg3 Rh6 39. Bxd5 a6 40. Ra7 1-0

[Event "Swiss Queens Wed #44"]
[Site "FIDE Online Arena INT"]
[Date "2024.11.27"]
[Round "5"]
[White "Maltsevskaya, Aleksandra"]
[Black "Papp, Petra"]
[Result "1-0"]
[WhiteElo "2364"]
[BlackElo "2239"]
[PlyCount "117"]
[EventDate "2024.11.27"]
[EventType "swiss (blitz)"]
[EventRounds "11"]
[EventCountry "NET"]
[SourceTitle "CB49_2024"]
[SourceDate "2024.12.04"]
[SourceVersion "1"]
[SourceVersionDate "2024.12.04"]
[SourceQuality "1"]

1. Nf3 g6 2. g3 Bg7 3. Bg2 e5 4. 0-0 d6 5. d4 e4 6. Ne1 f5 7. c4 Nf6 8. Nc3 0-0 9. e3 h5 10. f3 exf3 11. Nxf3 Re8 12. Nh4 Kh7 13. e4 Nxe4 14. Nxe4 fxe4 15. Qc2 Bxd4+ 16. Kh1 Qe7 17. Bh6 Kxh6 18. Qd2+ e3 19. Qxd4 e2 20. Rfe1 Nc6 21. Qd2+ Qe3 22. Rxe2 Qxd2 23. Rxd2 Bg4 24. Rc1 g5 25. Nf3 Bxf3 26. Bxf3 g4 27. Bg2 Re5 28. h3 Rae8 29. Kh2 Re2 30. Rcc2 Rxd2 31. Rxd2 Re3 32. b3 a5 33. Rf2 Kg7 34. Rf5 Re5 35. Rf4 Nd8 36. hxg4 hxg4 37. Rxg4+ Kf6 38. Rf4+ Ke7 39. Rh4 c6 40. Rh7+ Nf7 41. Bf3 Kf6 42. Kg2 Ng5 43. Rxb7 Re3 44. Bxc6 Rc3 45. Bd5 Ke5 46. Rg7 Rc2+ 47. Kf1 Nh3 48. Rg6 Nf2 49. Re6+ Kd4 50. Rxd6 Ke3 51. Re6+ Kd4 52. Re2 Rxe2 53. Kxe2 Nd3 54. g4 Ne5 55. g5 Kc5 56. Ke3 Kd6 57. Kd4 a4 58. c5+ Ke7 59. Kxe5 1-0

[Event "Swiss Queens Wed #44"]
[Site "FIDE Online Arena INT"]
[Date "2024.11.27"]
[Round "2"]
[White "Papp, Petra"]
[Black "Kashlinskaya, Alina"]
[Result "1/2-1/2"]
[WhiteElo "2239"]
[BlackElo "2493"]
[PlyCount "147"]
[EventDate "2024.11.27"]
[EventType "swiss (blitz)"]
[EventRounds "11"]
[EventCountry "NET"]
[SourceTitle "CB49_2024"]
[SourceDate "2024.12.04"]
[SourceVersion "1"]
[SourceVersionDate "2024.12.04"]
[SourceQuality "1"]

1. d4 Nf6 2. Nf3 g6 3. Bf4 Bg7 4. Nc3 d5 5. e3 0-0 6. Nb5 Na6 7. h3 c6 8. Nc3 Qb6 9. Rb1 c5 10. Be2 Bf5 11. 0-0 Nb4 12. Rc1 cxd4 13. exd4 Nc6 14. Rb1 Rad8 15. a3 Ne4 16. Na4 Qa5 17. Nc5 Nxc5 18. b4 Qxa3 19. bxc5 e5 20. Bg5 f6 21. Bc1 Qa4 22. Rxb7 Qxc2 23. Bb5 Nb4 24. c6 a6 25. Ba4 Qxd1 26. Rxd1 e4 27. c7 Rc8 28. Ba3 a5 29. Nd2 Rf7 30. Nb3 Rfxc7 31. Rxc7 Rxc7 32. Nxa5 Nd3 33. Nc6 Be6 34. Bb5 f5 35. g3 Bf6 36. Bd6 Rb7 37. Bxd3 exd3 38. Rxd3 Rb6 39. Be5 Rxc6 40. Bxf6 Kf7 41. Be5 Rc1+ 42. Kg2 Bd7 43. Bf4 Bb5 44. Re3 Bf1+ 45. Kh2 Rc2 46. Kg1 Bc4 47. Be5 Rc1+ 48. Kg2 g5 49. g4 f4 50. Ra3 Be2 51. f3 Rc2 52. Kg1 Bd1 53. Rd3 Be2 54. Ra3 Bb5 55. Rb3 Bc4 56. Ra3 Rb2 57. Rc3 h6 58. Ra3 Kg6 59. Rc3 h5 60. Ra3 hxg4 61. hxg4 Be2 62. Rc3 Rb1+ 63. Kf2 Bb5 64. Ra3 Rb2+ 65. Kg1 Rb1+ 66. Kf2 Rf1+ 67. Kg2 Rd1 68. Rb3 Bf1+ 69. Kf2 Bc4 70. Ra3 Rd2+ 71. Kg1 Rd1+ 72. Kf2 Rd2+ 73. Kg1 Rd1+ 74. Kf2 1/2-1/2

[Event "Swiss Queens Wed #44"]
[Site "FIDE Online Arena INT"]
[Date "2024.11.27"]
[Round "8"]
[White "Papp, Petra"]
[Black "Pertseva, Tatyana"]
[Result "1-0"]
[WhiteElo "2239"]
[BlackElo "1728"]
[PlyCount "99"]
[EventDate "2024.11.27"]
[EventType "swiss (blitz)"]
[EventRounds "11"]
[EventCountry "NET"]
[SourceTitle "CB49_2024"]
[SourceDate "2024.12.04"]
[SourceVersion "1"]
[SourceVersionDate "2024.12.04"]
[SourceQuality "1"]

1. b3 d5 2. Bb2 Nf6 3. e3 e6 4. f4 c5 5. Nf3 Nc6 6. Bb5 Bd7 7. 0-0 a6 8. Bxc6 Bxc6 9. Ne5 Rc8 10. d3 Be7 11. Nd2 Nd7 12. Nxc6 Rxc6 13. Bxg7 Rg8 14. Bb2 Bf6 15. Bxf6 Qxf6 16. e4 Qg6 17. Qf3 Nf6 18. exd5 Nxd5 19. f5 Qg5 20. Ne4 Qe3+ 21. Qxe3 Nxe3 22. Nf6+ Kf8 23. Nxg8 Nxf1 24. Rxf1 Kxg8 25. fxe6 Rxe6 26. Kf2 Kf8 27. Re1 Rf6+ 28. Ke3 Re6+ 29. Kd2 Rd6 30. a4 b5 31. axb5 axb5 32. Ra1 Rf6 33. Ke3 Re6+ 34. Kf3 Rc6 35. Re1 c4 36. dxc4 bxc4 37. b4 c3 38. b5 Rf6+ 39. Ke2 Re6+ 40. Kf2 Rf6+ 41. Kg1 Rb6 42. Rb1 Ke7 43. Kf2 Kd6 44. Ke3 Kc5 45. Kd3 Rf6 46. b6 Rd6+ 47. Kxc3 Rd8 48. b7 Rb8 49. Kd3 Kc6 50. Ke4 1-0

[Event "BL 2425 (Women)"]
[Site "Germany"]
[Date "2024.11.16"]
[Round "1.6"]
[White "Papp, Petra"]
[Black "Rath, Alina"]
[Result "1/2-1/2"]
[WhiteElo "2239"]
[BlackElo "2025"]
[PlyCount "101"]
[EventDate "2024.11.16"]
[EventType "team-tourn"]
[EventRounds "11"]
[EventCountry "GER"]
[SourceTitle "CB48_2024"]
[SourceDate "2024.11.28"]
[SourceVersion "1"]
[SourceVersionDate "2024.11.28"]
[SourceQuality "1"]
[WhiteTeam "Schwaebisch Hall (W)"]
[BlackTeam "Loeberitz (W)"]
[WhiteTeamCountry "GER"]
[BlackTeamCountry "GER"]

1. d4 d5 2. Nf3 e6 3. Bf4 c5 4. c3 Bd6 5. e3 Qc7 6. Bxd6 Qxd6 7. Ne5 Nf6 8. Bd3 0-0 9. Nd2 Nbd7 10. f4 Rb8 11. a4 b6 12. 0-0 Bb7 13. Qf3 g6 14. g4 Ne8 15. Qg3 f5 16. g5 Nxe5 17. fxe5 Qc7 18. Nb1 c4 19. Be2 Bc6 20. h4 Ng7 21. Nd2 b5 22. axb5 Bxb5 23. Ra2 Rb7 24. Rfa1 Rfb8 25. Qe1 Bc6 26. Qc1 Ne8 27. Bf3 Ra8 28. Bg2 a5 29. Nf1 a4 30. Ng3 Rb6 31. Ne2 Qe7 32. Nf4 Kf7 33. Bf3 h6 34. Kf2 Ng7 35. Nh3 h5 36. Nf4 Qd7 37. Bd1 Rbb8 38. Kg3 Rb6 39. Bc2 Rba6 40. Qd1 Bb5 41. Ra3 R8a7 42. Ne2 Ne8 43. Kf2 Nc7 44. Nf4 Qe8 45. Qd2 Na8 46. Rg1 Qh8 47. Bd1 Be8 48. Bf3 Nc7 49. Rga1 Kg7 50. Bd1 Bd7 51. Kg3 1/2-1/2

[Event "Olympiad Women-45"]
[Site "Budapest"]
[Date "2024.09.21"]
[Round "10.3"]
[White "Luong, Phuong Hanh"]
[Black "Papp, Petra"]
[Result "1/2-1/2"]
[WhiteElo "2225"]
[BlackElo "2259"]
[PlyCount "82"]
[EventDate "2024.09.11"]
[EventType "team-swiss"]
[EventRounds "11"]
[EventCountry "HUN"]
[SourceTitle "EXT 2025"]
[Source "ChessBase"]
[SourceDate "2024.10.14"]
[SourceVersion "1"]
[SourceVersionDate "2024.10.14"]
[SourceQuality "1"]
[WhiteTeam "Vietnam (W)"]
[BlackTeam "Hungary (W)"]
[WhiteTeamCountry "VIE"]
[BlackTeamCountry "HUN"]

1. d4 Nf6 2. Nf3 g6 3. Bf4 Bg7 4. e3 0-0 5. Nbd2 d6 6. h3 c5 7. c3 Qb6 8. Qb3 Nc6 9. Be2 Be6 10. Qxb6 axb6 11. a3 h6 12. 0-0 cxd4 13. exd4 Rfc8 14. Rfe1 Kf8 15. Bd3 Bd5 16. c4 Bxf3 17. Nxf3 d5 18. b3 Na5 19. Nd2 Nxb3 20. Nxb3 dxc4 21. Bc2 cxb3 22. Bxb3 Rc3 23. Re3 Rac8 24. Rae1 Nh5 25. Be5 Bxe5 26. dxe5 Nf4 27. Rd1 Rc1 28. Rxc1 Rxc1+ 29. Kh2 e6 30. Rf3 g5 31. g3 Ng6 32. Bxe6 Nxe5 33. Rf5 Rc5 34. Bc8 Nd3 35. Rxc5 Nxc5 36. f4 f6 37. Kg2 Ke7 38. Kf3 Kd8 39. Bf5 Ke7 40. Kg4 Kf7 41. h4 gxh4 1/2-1/2

[Event "Olympiad Women-45"]
[Site "Budapest"]
[Date "2024.09.19"]
[Round "8.3"]
[White "Papp, Petra"]
[Black "Buksa, Nataliya"]
[Result "1/2-1/2"]
[WhiteElo "2259"]
[BlackElo "2387"]
[PlyCount "51"]
[EventDate "2024.09.11"]
[EventType "team-swiss"]
[EventRounds "11"]
[EventCountry "HUN"]
[SourceTitle "EXT 2025"]
[Source "ChessBase"]
[SourceDate "2024.10.14"]
[SourceVersion "1"]
[SourceVersionDate "2024.10.14"]
[SourceQuality "1"]
[WhiteTeam "Hungary (W)"]
[BlackTeam "Ukraine (W)"]
[WhiteTeamCountry "HUN"]
[BlackTeamCountry "UKR"]

1. d4 d5 2. Nf3 Nf6 3. Bf4 c5 4. e3 Nc6 5. Nbd2 cxd4 6. exd4 Qb6 7. Nb3 Bf5 8. c3 e6 9. a4 a6 10. a5 Qd8 11. Bd3 Bxd3 12. Qxd3 Be7 13. 0-0 0-0 14. h3 Nd7 15. Ra2 b6 16. axb6 Qxb6 17. Nbd2 a5 18. Rfa1 Ra7 19. h4 h6 20. Qe2 Rb7 21. Nf1 Qb5 22. Qd2 Kh7 23. Qc2+ Kg8 24. Qd2 Kh7 25. Qc2+ Kg8 26. Qd2 1/2-1/2

[Event "Swiss Queens Wed #27"]
[Site "FIDE Online Arena INT"]
[Date "2024.07.31"]
[Round "5"]
[White "Injac, Teodora"]
[Black "Papp, Petra"]
[Result "1/2-1/2"]
[WhiteElo "2411"]
[BlackElo "2259"]
[PlyCount "119"]
[EventDate "2024.07.31"]
[EventType "swiss (blitz)"]
[EventRounds "11"]
[EventCountry "NET"]
[SourceTitle "CBM 221 Extra"]
[Source "ChessBase"]
[SourceDate "2024.09.30"]
[SourceVersion "1"]
[SourceVersionDate "2024.09.30"]
[SourceQuality "1"]

1. Nf3 Nf6 2. g3 g6 3. Bg2 Bg7 4. 0-0 0-0 5. d4 d6 6. Re1 d5 7. c3 a5 8. Nbd2 c6 9. e4 dxe4 10. Nxe4 Nxe4 11. Rxe4 Nd7 12. Re1 e5 13. dxe5 Nxe5 14. Qxd8 Nxf3+ 15. Bxf3 Rxd8 16. Bg5 f6 17. Bf4 Kf7 18. Re2 Bf5 19. Rae1 Bf8 20. Be4 Bxe4 21. Rxe4 Re8 22. a4 Rxe4 23. Rxe4 b5 24. Kf1 Ra7 25. Be3 Rb7 26. axb5 Rxb5 27. Bc1 f5 28. Rc4 c5 29. Ke2 Ke6 30. Kd3 Kd5 31. Rh4 Rb7 32. Ra4 Ra7 33. Bd2 Kc6 34. Kc4 Ra6 35. b3 Ra7 36. b4 cxb4 37. cxb4 Rc7 38. Rxa5 Kb6+ 39. Kb3 Rd7 40. Be3+ Kc6 41. Ra6+ Kd5 42. b5 Rb7 43. b6 Bc5 44. Ra7 Rxb6+ 45. Kc2 Bxe3 46. fxe3 Ke4 47. Rxh7 Kxe3 48. h4 Rd6 49. h5 gxh5 50. Rxh5 Ke4 51. Rg5 Rd5 52. Kc3 Kf3 53. Kc4 Re5 54. Kd4 Re4+ 55. Kd3 Rg4 56. Rxf5+ Kxg3 57. Re5 Rg8 58. Ke4 Rf8 59. Rf5 Rxf5 60. Kxf5 1/2-1/2

[Event "Swiss Queens Wed #27"]
[Site "FIDE Online Arena INT"]
[Date "2024.07.31"]
[Round "3"]
[White "Kubicka, Anna"]
[Black "Papp, Petra"]
[Result "1-0"]
[WhiteElo "2334"]
[BlackElo "2259"]
[PlyCount "59"]
[EventDate "2024.07.31"]
[EventType "swiss (blitz)"]
[EventRounds "11"]
[EventCountry "NET"]
[SourceTitle "CBM 221 Extra"]
[Source "ChessBase"]
[SourceDate "2024.09.30"]
[SourceVersion "1"]
[SourceVersionDate "2024.09.30"]
[SourceQuality "1"]

1. e4 c5 2. Ne2 Nc6 3. g3 g6 4. Bg2 Bg7 5. 0-0 e6 6. c3 Nge7 7. d4 cxd4 8. cxd4 d5 9. e5 h5 10. Nbc3 Nf5 11. a3 g5 12. b4 g4 13. b5 Na5 14. Nf4 Nc4 15. a4 Qb6 16. Ncxd5 exd5 17. Nxd5 Qd8 18. Qc2 Nb6 19. Nc7+ Kf8 20. Nxa8 Nxa8 21. Ba3+ Kg8 22. Rac1 Be6 23. d5 Nd4 24. Qe4 Nb3 25. dxe6 Nxc1 26. exf7+ Kxf7 27. Qc4+ Kg6 28. Be4+ Kh6 29. Bxc1+ Qg5 30. Qe6+ 1-0

[Event "Swiss Queens Wed #27"]
[Site "FIDE Online Arena INT"]
[Date "2024.07.31"]
[Round "9"]
[White "Papp, Petra"]
[Black "Hrebenshchykova, Yelyzaveta"]
[Result "0-1"]
[WhiteElo "2259"]
[BlackElo "2301"]
[PlyCount "80"]
[EventDate "2024.07.31"]
[EventType "swiss (blitz)"]
[EventRounds "11"]
[EventCountry "NET"]
[SourceTitle "CBM 221 Extra"]
[Source "ChessBase"]
[SourceDate "2024.09.30"]
[SourceVersion "1"]
[SourceVersionDate "2024.09.30"]
[SourceQuality "1"]

1. e4 c5 2. Nf3 e6 3. d4 cxd4 4. Nxd4 Nc6 5. Nc3 Qc7 6. g3 a6 7. Bg2 Nf6 8. 0-0 Nxd4 9. Qxd4 Bc5 10. Qd3 h6 11. Bf4 d6 12. Rad1 e5 13. Be3 Bxe3 14. Qxe3 Be6 15. h3 0-0 16. Rd2 b5 17. Rfd1 Rfd8 18. f4 b4 19. Nd5 Bxd5 20. exd5 Re8 21. Kh2 exf4 22. Qxf4 a5 23. Rf2 Re5 24. Qd4 Rae8 25. Rdf1 Ne4 26. Rxf7 Qxf7 27. Rxf7 Kxf7 28. Qa7+ R8e7 29. Qxa5 Ng5 30. h4 Nh7 31. Qxb4 Re2 32. Qb3 Nf6 33. Kg1 h5 34. a4 Ng4 35. a5 Re1+ 36. Bf1 Ne3 37. a6 Rxf1+ 38. Kh2 Ng4+ 39. Kg2 Rf2+ 40. Kg1 Re1# 0-1

[Event "Swiss Queens Wed #26"]
[Site "FIDE Online Arena INT"]
[Date "2024.07.25"]
[Round "7"]
[White "Bodnaruk, Anastasia"]
[Black "Papp, Petra"]
[Result "1-0"]
[WhiteElo "2355"]
[BlackElo "2259"]
[PlyCount "65"]
[EventDate "2024.07.25"]
[EventType "swiss (blitz)"]
[EventRounds "11"]
[EventCountry "NET"]
[SourceTitle "CBM 221 Extra"]
[Source "ChessBase"]
[SourceDate "2024.09.30"]
[SourceVersion "1"]
[SourceVersionDate "2024.09.30"]
[SourceQuality "1"]

1. e4 e6 2. d4 d5 3. e5 c5 4. c3 Qb6 5. Nf3 Bd7 6. Be2 Bb5 7. 0-0 Bxe2 8. Qxe2 Qa6 9. Qe3 cxd4 10. Nxd4 Nc6 11. a4 Nxd4 12. cxd4 Ne7 13. Nc3 Nf5 14. Qf4 Qc4 15. Be3 Be7 16. Nb5 0-0 17. g4 Nh4 18. Qg3 Qe2 19. Rab1 g5 20. f4 Rac8 21. Nc3 gxf4 22. Bxf4 Qc2 23. Rf2 Rxc3 24. Rxc2 Rxg3+ 25. Bxg3 Nf3+ 26. Kg2 Nxd4 27. Rc7 Nc6 28. Rxb7 d4 29. b4 Bg5 30. b5 Na5 31. Rxa7 Nc4 32. h4 Be3 33. Rd7 1-0

[Event "Swiss Queens Wed #26"]
[Site "FIDE Online Arena INT"]
[Date "2024.07.25"]
[Round "5"]
[White "Fierro Baquero, Martha Lorena"]
[Black "Papp, Petra"]
[Result "0-1"]
[WhiteElo "2273"]
[BlackElo "2259"]
[PlyCount "114"]
[EventDate "2024.07.25"]
[EventType "swiss (blitz)"]
[EventRounds "11"]
[EventCountry "NET"]
[SourceTitle "CBM 221 Extra"]
[Source "ChessBase"]
[SourceDate "2024.09.30"]
[SourceVersion "1"]
[SourceVersionDate "2024.09.30"]
[SourceQuality "1"]

1. g3 c5 2. Bg2 Nc6 3. c4 g6 4. Nf3 Bg7 5. Nc3 d6 6. 0-0 e6 7. a3 Nge7 8. b4 b6 9. b5 Na5 10. Qa4 Bb7 11. Bb2 0-0 12. d3 Nf5 13. Rfd1 d5 14. Rab1 Qe7 15. Nd2 Rad8 16. cxd5 exd5 17. e4 dxe4 18. Ndxe4 Nd4 19. Re1 Qc7 20. Ne2 Nxe2+ 21. Rxe2 Rxd3 22. Bxg7 Kxg7 23. Qc2 Rd4 24. Qc3 Rfd8 25. Rd1 Qe5 26. Rxd4 Qxd4 27. Qxd4+ Rxd4 28. h4 Nc4 29. Ng5 Bxg2 30. Kxg2 Rd7 31. a4 h6 32. Nf3 f5 33. Re6 Kf7 34. Rc6 Re7 35. h5 gxh5 36. Rxh6 Nb2 37. Ng5+ Kg7 38. Rc6 Nxa4 39. Ne6+ Kf7 40. Nf4 Nc3 41. Nxh5 Nxb5 42. Rf6+ Ke8 43. Rxf5 Nd4 44. Nf6+ Kd8 45. Rd5+ Kc8 46. g4 a5 47. Rh5 a4 48. Nd5 Re6 49. Rh1 a3 50. Ra1 Nc2 51. Ra2 Nb4 52. Rd2 Nxd5 53. Rxd5 a2 54. Rd1 b5 55. Ra1 Ra6 56. g5 b4 57. Kf3 b3 0-1

[Event "Swiss Queens Wed #26"]
[Site "FIDE Online Arena INT"]
[Date "2024.07.25"]
[Round "10"]
[White "Nguyen, Hong Nhung"]
[Black "Papp, Petra"]
[Result "0-1"]
[WhiteElo "2077"]
[BlackElo "2259"]
[PlyCount "66"]
[EventDate "2024.07.25"]
[EventType "swiss (blitz)"]
[EventRounds "11"]
[EventCountry "NET"]
[SourceTitle "CBM 221 Extra"]
[Source "ChessBase"]
[SourceDate "2024.09.30"]
[SourceVersion "1"]
[SourceVersionDate "2024.09.30"]
[SourceQuality "1"]

1. e4 c5 2. Nc3 Nc6 3. Bb5 g6 4. Bxc6 dxc6 5. d3 Bg7 6. Be3 b6 7. Qd2 e5 8. f4 exf4 9. Bxf4 Ne7 10. Bh6 0-0 11. Nf3 f5 12. 0-0-0 b5 13. Bxg7 Kxg7 14. Qe3 Qd6 15. e5 Nd5 16. Nxd5 Qxd5 17. Kb1 Be6 18. b3 a5 19. c4 Qd7 20. Qxc5 a4 21. Qd6 Qa7 22. Qxe6 axb3 23. Rd2 Qa5 24. Qd7+ Rf7 25. Qd4 c5 26. Qb2 bxc4 27. e6+ c3 28. Qxb3 Rff8 29. Ka1 cxd2 30. Qb2+ Kg8 31. Nxd2 Rfb8 32. Nb3 Qa6 33. Qf6 Qxa2# 0-1